000 01115nam a2200229Ia 4500
999 _c49403
_d49403
001 16323
003 GE_BSU
005 20210527171336.0
008 181216s2009||||ge |||||||||||||| ||geo||
040 _cGE_BSU
041 _ageo
080 _a342.4(479.22) კ-80
100 _aკოჭლამაზაშვილი, ბადრი
_911906
245 _aკონსტიტუციის სამართლებრივი დაცვა /
_cბადრი კოჭლამაზაშვილი ; რედ. კონსტანტინე კუბლაშვილი.
264 _aთბილისი :
_bბონა კაუზა,
_c2009.
300 _a160 გვ. ;
_e 20 სმ.
504 _aბიბლიოგრაფია ტექსტების შენიშვნებში და გვ. 144-159
653 _aსამართალი
653 _aსაქართველოს კონსტიტუცია
700 _aკუბლაშვილი, კონსტანტინე
_eრედაქტორი
_9197
942 _cBK
_2udc